000 00817nam a22002655i 4500
001 12514
003 ES-MaACL
005 20250808062713.0
007 t|
008 951030s1995 sp ||||0| spa j
020 _a84-7914-161-1
040 _aM-BN
_bspa
_cM-BN
080 _a266
100 1 _aEsquerda Bifet, Juan.
_947962
245 1 0 _aTeología de la evangelización
_b: curso de misionología /
_cpor Juan Esquerda Bifet.
260 _aMadrid :
_bBiblioteca de Autores Cristianos,
_c1994.
300 _aXVIII, 491 p ;
_c20 cm.
490 1 _aBiblioteca de autores cristianos ;
_v546
500 _aIndice.
504 _aBibliografía.
650 1 4 _aEvangelización.
_912617
830 0 0 _aBiblioteca de autores cristianos
_v546
_9178679
852 _aES-MaACL
_jJ-533
_bR.46092
999 _c12514
_d12514